Central Library OPAC University of Rajshahi

The Stamp Act, (II of 1899) / (Record no. 59429)

MARC details
000 -LEADER
fixed length control field 00679nam a2200241 a 4500
001 - CONTROL NUMBER
control field 59429
003 - CONTROL NUMBER IDENTIFIER
rucl marc code BD-RjUL
005 - DATE AND TIME OF LATEST TRANSACTION
control field 20211209080728.0
008 - FIXED-LENGTH DATA ELEMENTS--GENERAL INFORMATION
fixed length control field 161224s1963 pk a l 000 0 eng d
020 ## - INTERNATIONAL STANDARD BOOK NUMBER
Terms of availability : Prs. 4.00
035 ## - SYSTEM CONTROL NUMBER
System control number (BD-RjUL)59553
040 ## - CATALOGING SOURCE
Original cataloging agency DLC
Transcribing agency DLC
Modifying agency DLC
-- BD-RjUL
Language of cataloging eng
041 ## - LANGUAGE CODE
Language code of text/sound track or separate title eng
082 ## - DEWEY DECIMAL CLASSIFICATION NUMBER
Classification number 347
Author mark and year CHS 1963
Edition number 23
100 ## - MAIN ENTRY--PERSONAL NAME
Personal name Chowdhury, A.M.
9 (RLIN) 176743
245 14 - TITLE STATEMENT
Title The Stamp Act, (II of 1899) /
250 ## - EDITION STATEMENT
Edition statement 3rd ed.
260 ## - PUBLICATION, DISTRIBUTION, ETC. (IMPRINT)
Place of publication, distribution, etc. Lahore :
Name of publisher, distributor, etc. All Pakistan Legal Decisions,
Date of publication, distribution, etc. 1963
300 ## - PHYSICAL DESCRIPTION
Pagination vi, 148 p. :
Illustrations ill. ;
Size 24 cm.
504 ## - BIBLIOGRAPHY, ETC. NOTE
Bibliography, etc Includes bibliographical references and index.
650 #0 - SUBJECT ADDED ENTRY--TOPICAL TERM
Topical term or geographic name as entry element Stamp duties
9 (RLIN) 143309
942 ## - ADDED ENTRY ELEMENTS (KOHA)
Source of classification or shelving scheme Dewey Decimal Classification
Koha item type Books
Holdings
Lost status Source of classification or shelving scheme Damaged status Not for loan Collection code Permanent Location Current Location Shelving location Date acquired Source of acquisition Cost, normal purchase price Total Checkouts Full call number Date last seen Copy number Koha item type
  Dewey Decimal Classification   Not For Loan Non-fiction Central Library, University of Rajshahi Central Library, University of Rajshahi Reading Room 22/02/1967 Pakistani law house 4.00   347 CHS 1963 24/12/2016 C-1 Books